| 000 | 00573nam a2200181 a 4500 | ||
|---|---|---|---|
| 005 | 20140412111431.0 | ||
| 008 | 040524s19uu xx 00 eng d | ||
| 050 |
_aTR(GS 372.4 _bB35 2002 |
||
| 100 | _aBeretier, Carl | ||
| 245 |
_aOpen court reading (HB), Level 3-1, Bk. 1. / _cCarl Beretier & et al. |
||
| 250 | _aTeacher's Edition | ||
| 260 |
_aColumbus, Ohio : _bSRA/McGraw-Hill, _c2002. |
||
| 300 | _axx p. 350 p. | ||
| 440 | _aSRA Open Court Reading | ||
| 650 | _aReading--Study and teaching | ||
| 650 | _aEnglish language--Study and teaching | ||
| 999 |
_c106378 _d106378 |
||